[Event "Challenge"]
[Site "http://www.queenalice.com/game.php?id=556686"]
[Date "2009.3.16"]
[Round "-"]
[White "Ahlkhanvio"]
[Black "flavio08"]
[Result "1/2-1/2"]
[WhiteElo "2330"]
[BlackElo "2398"]

1. d4 Nf6 2. Nf3 g6 3. Nc3 d5 4. Bf4 Bg7 5. e3 O-O 6. Be2 c5 7. Ne5 Nc6 8. O-O
cxd4 9. exd4 Bf5 10. Nxc6 bxc6 11. Na4 Ne4 12. f3 Nd6 13. Qd2 Re8 14. Rfe1 f6
15. Nc5 e5 16. Be3 e4 17. c3 a5 18. Bf4 Ra7 19. g4 Bc8 20. Qc2 Rae7 21. Bg3 Bf8
22. fxe4 Nxe4 23. Nxe4 Rxe4 24. Bf3 Rxe1+ 25. Rxe1 Rxe1+ 26. Bxe1 f5 27. h3 Qf6
28. Qe2 Kf7 29. Qf2 Kg7 30. Qe3 Bd6 31. Kg2 Be6 32. c4 fxg4 33. Bxg4 Bxg4 34.
hxg4 a4 35. cxd5 cxd5 36. Bg3 Bxg3 37. Kxg3 1/2-1/2

[Event "Challenge"]
[Site "http://www.queenalice.com/game.php?id=557824"]
[Date "2009.3.18"]
[Round "-"]
[White "flavio08"]
[Black "Ahlkhanvio"]
[Result "1/2-1/2"]
[WhiteElo "2380"]
[BlackElo "2331"]

1. e4 e6 2. d4 d5 3. e5 c5 4. c3 Qb6 5. Nf3 Nc6 6. Be2 cxd4 7. cxd4 Nh6 8. Nc3
Nf5 9. Na4 Bb4+ 10. Bd2 Qa5 11. Bc3 b5 12. a3 Bxc3+ 13. Nxc3 b4 14. axb4 Qxb4
15. Qa4 Qxa4 16. Rxa4 Rb8 17. Bb5 Bd7 18. Bxc6 Bxc6 19. Rxa7 Rxb2 20. O-O O-O
21. Rc7 Bb5 22. Nxb5 Rxb5 23. g4 Nh6 24. h3 Rfb8 25. Kg2 g6 26. Ra1 R5b7 27. Ra7
Rxa7 28. Rxa7 Rb3 29. Rc7 Kg7 30. Ng5 Kg8 31. Re7 Rb4 32. Nf3 Kf8 33. Rd7 Ke8
34. Rc7 Kf8 35. Ra7 1/2-1/2

[Event "Challenge"]
[Site "http://www.queenalice.com/game.php?id=569323"]
[Date "2009.4.9"]
[Round "-"]
[White "flavio08"]
[Black "Kiwizany"]
[Result "1-0"]
[WhiteElo "2378"]
[BlackElo "2309"]

1. e4 c6 2. d4 d5 3. Nd2 dxe4 4. Nxe4 Nd7 5. Nf3 Ngf6 6. Ng3 g6 7. Bd3 c5 8. O-O
cxd4 9. Bc4 Nb6 10. Bb3 Bg7 11. Re1 O-O 12. Qxd4 Qxd4 13. Nxd4 Nfd5 14. Nf3 Be6
15. Ng5 Bd7 16. c4 Nc7 17. Rxe7 Rae8 18. Rxe8 Rxe8 19. Bf4 Ne6 20. c5 Na4 21.
Nxe6 fxe6 22. Rd1 Bc6 23. Bxa4 Bxa4 24. b3 Bc6 25. f3 Bf8 26. Be3 Rc8 27. Kf2
Bd5 28. Rc1 Bg7 29. Ne4 Rf8 30. Nd6 Be5 31. h3 Bc6 32. Bg5 Bd4+ 33. Ke2 Bg7 34.
Be7 Ra8 35. Kd3 Bd5 36. b4 a6 37. a4 Bb2 38. Rc2 Bg7 39. Nc4 Re8 40. Bd6 Rd8 41.
b5 h6 42. Rd2 axb5 43. axb5 Kf7 44. Nb6 Bf8 45. Bxf8 Kxf8 46. Kc3 Kf7 47. Nxd5
exd5 48. Kd4 1-0

[Event "maxamuud"]
[Site "http://www.queenalice.com/game.php?id=595455"]
[Date "2009.5.29"]
[Round "2"]
[White "kasker"]
[Black "flavio08"]
[Result "0-1"]
[WhiteElo "2386"]
[BlackElo "2403"]

1. e4 c5 2. Nf3 d6 3. d4 cxd4 4. Nxd4 Nf6 5. Nc3 a6 6. Bg5 e6 7. f4 Be7 8. Qf3
Qc7 9. O-O-O Nbd7 10. Be2 b5 11. Bxf6 Nxf6 12. e5 Bb7 13. exf6 Bxf3 14. Bxf3
Bxf6 15. Bxa8 Qc4 16. Ne4 Qxa2 17. Nxf6+ gxf6 18. c3 b4 19. Rhe1 O-O 20. Be4 Rb8
21. Bb1 Qa4 22. g3 bxc3 23. bxc3 Qa5 24. Kd2 Qh5 25. Bd3 Rb2+ 26. Ke3 Qc5 27.
Re2 Rb3 28. Kf3 Rxc3 29. Kg2 a5 30. Red2 Rc1 31. Nb5 Rxd1 32. Rxd1 d5 33. Ra1
Qb4 34. Kh3 e5 35. Rb1 Qd2 36. Bf5 exf4 37. Nd6 f3 38. Rb8+ Kg7 39. Rb7 f2 40.
Rxf7+ Kg8 41. Bxh7+ Kh8 42. Rxf6 Kxh7 0-1

[Event "AUTO-ELITE-362"]
[Site "http://www.queenalice.com/game.php?id=611983"]
[Date "2009.7.1"]
[Round "1"]
[White "OrlandoRochaFilho"]
[Black "flavio08"]
[Result "0-1"]
[WhiteElo "2154"]
[BlackElo "2417"]

1. b3 e5 2. Bb2 Nc6 3. e3 Nf6 4. Bb5 Bd6 5. Na3 Bxa3 6. Bxa3 d6 7. Bxc6+ bxc6 8.
Ne2 O-O 9. O-O Re8 10. Bb2 a5 11. c4 a4 12. bxa4 Nd7 13. Nc3 e4 14. Qc2 Qh4 15.
Ne2 Nb6 16. c5 Nxa4 17. cxd6 cxd6 18. Nf4 Qe7 19. Rfb1 Bd7 20. Ba3 Qf6 21. Rc1
g5 22. Nh5 Qg6 23. Ng3 c5 24. Bb2 h5 0-1

[Event "AUTO-ELITE-362"]
[Site "http://www.queenalice.com/game.php?id=611984"]
[Date "2009.7.1"]
[Round "1"]
[White "flavio08"]
[Black "OrlandoRochaFilho"]
[Result "1-0"]
[WhiteElo "2392"]
[BlackElo "2148"]

1. e4 c5 2. Nf3 d6 3. d4 cxd4 4. Qxd4 Nc6 5. Bb5 Bd7 6. Bxc6 Bxc6 7. Nc3 Nf6 8.
Bg5 e5 9. Qd3 Be7 10. O-O-O Qc7 11. Bxf6 gxf6 12. Nh4 O-O-O 13. Nf5 Rd7 14. Rd2
Rg8 15. Rhd1 Rgd8 16. Qh3 1-0

[Event "AUTO-ELITE-362"]
[Site "http://www.queenalice.com/game.php?id=611991"]
[Date "2009.7.1"]
[Round "1"]
[White "flavio08"]
[Black "philipp84lemke"]
[Result "1-0"]
[WhiteElo "2411"]
[BlackElo "2296"]

1. e4 e5 2. Nf3 Nc6 3. Bb5 a6 4. Ba4 Nf6 5. O-O Be7 6. Re1 b5 7. Bb3 O-O 8. d4
d6 9. c3 Bg4 10. d5 Na5 11. Bc2 Qc8 12. h3 Bh5 13. Nbd2 c6 14. dxc6 Qxc6 15. Nf1
Nc4 16. a4 Bg6 17. Ng3 h6 18. Nh4 Bh7 19. Ngf5 Qc7 20. b3 Nb6 21. Be3 Rab8 22.
axb5 axb5 23. Ra6 Rfe8 24. Qf3 Kh8 25. Nxe7 Rxe7 26. Bxh6 Qc8 27. Ra2 Rc7 28.
Bd2 d5 29. exd5 e4 30. Bxe4 Bxe4 31. Rxe4 Nxe4 32. Qxe4 Rd7 33. d6 Rxd6 34. Nf5
Re6 35. Qh4+ Kg8 36. Ne7+ Rxe7 37. Qxe7 Qf5 38. Ra5 Qd3 39. Qe5 Nd7 40. Qd4 Nc5
41. Qxd3 Nxd3 42. Kf1 f5 43. g3 Nc5 44. Bf4 Rb7 45. c4 Nxb3 46. Rxb5 Rxb5 47.
cxb5 Nc5 48. Ke2 Kf7 49. Ke3 Ke6 50. Kd4 Nb7 51. b6 g6 52. h4 1-0

[Event "AUTO-ELITE-362"]
[Site "http://www.queenalice.com/game.php?id=611992"]
[Date "2009.7.1"]
[Round "1"]
[White "philipp84lemke"]
[Black "flavio08"]
[Result "0-1"]
[WhiteElo "2285"]
[BlackElo "2396"]

1. d4 Nf6 2. c4 g6 3. Nc3 d5 4. Nf3 Bg7 5. Qb3 dxc4 6. Qxc4 O-O 7. e4 Na6 8. Be2
c5 9. d5 e6 10. O-O exd5 11. exd5 Re8 12. Be3 b6 13. Rad1 Nb4 14. Qb3 Bf5 15.
Rd2 Rxe3 16. fxe3 Bh6 17. e4 Nxe4 18. Nxe4 Bxe4 19. Rdd1 Qd6 20. Ne1 Rd8 21. Bc4
a6 22. Nd3 b5 23. a3 bxc4 0-1

[Event "Challenge"]
[Site "http://www.queenalice.com/game.php?id=646780"]
[Date "2009.9.3"]
[Round "-"]
[White "Conde7"]
[Black "flavio08"]
[Result "1-0"]
[WhiteElo "2696"]
[BlackElo "2420"]

1. e4 c5 2. Nf3 d6 3. d4 cxd4 4. Nxd4 Nf6 5. Nc3 a6 6. Be3 e5 7. Nb3 Be6 8. Be2
Be7 9. Nd5 Nxd5 10. exd5 Bf5 11. Qd2 O-O 12. O-O Nd7 13. Na5 Qc7 14. c4 Bg6 15.
Rae1 f5 16. f4 Rad8 17. b4 Nf6 18. Bf3 e4 19. Be2 Rfe8 20. Nb3 Qd7 21. Nd4 Ra8
22. Qb2 Rec8 23. Rc1 h6 24. a3 Be8 25. a4 a5 26. c5 Bf8 27. c6 Qf7 28. b5 g6 29.
Qd2 Kh8 30. Bc4 Bg7 31. Ne6 Kg8 32. Bd4 Bh8 33. Rfe1 Qe7 34. Nc5 bxc6 35. dxc6+
Kh7 36. Nb3 d5 37. Bxf6 Bxf6 38. Bxd5 Qa7+ 39. Qe3 Bd8 40. Qxa7+ Rxa7 41. Kf1
1-0

[Event "Challenge"]
[Site "http://www.queenalice.com/game.php?id=646781"]
[Date "2009.9.3"]
[Round "-"]
[White "flavio08"]
[Black "Conde7"]
[Result "1/2-1/2"]
[WhiteElo "2418"]
[BlackElo "2669"]

1. e4 c5 2. Nf3 d6 3. d4 cxd4 4. Qxd4 Nc6 5. Bb5 Bd7 6. Bxc6 Bxc6 7. Nc3 Nf6 8.
Bg5 e6 9. O-O-O Be7 10. Rhe1 O-O 11. e5 dxe5 12. Qh4 Qc7 13. Nxe5 Rfd8 14. Ng4
Nxg4 15. Bxe7 Rxd1+ 16. Rxd1 Qf4+ 17. Kb1 Qf5 18. h3 Nf6 19. Bxf6 Qxf6 20. Qxf6
gxf6 21. Kc1 Kf8 22. g3 Ke7 23. Rd4 f5 24. Rh4 Rh8 25. Kd2 f6 26. Ke3 e5 27. Rh5
Ke6 28. a4 h6 29. a5 Bd7 30. Rh4 Kd6 31. Nd1 h5 32. Nc3 b6 33. axb6 axb6 34. Kd3
b5 35. Nd1 Bc6 36. Ke2 Be8 37. Ne3 Ke6 38. c3 Rh7 39. Rb4 Bc6 40. Nc2 Ra7 41.
Kd2 Ra8 42. Rh4 Be4 43. Kc1 Rd8 44. Ne3 Bf3 45. Rb4 Be2 46. Rh4 Rd7 47. b3 Rd8
48. Rb4 Bd3 49. Nd1 Kf7 50. h4 Rd7 51. Nb2 Bf1 52. Kc2 Kg6 53. Nd1 Bd3+ 54. Kc1
Be2 55. Nb2 Rd6 56. Kc2 Rd5 57. Kc1 Rd7 58. Kc2 Rd6 59. Kc1 Rd5 60. Kc2 1/2-1/2

[Event "AUTO-ELITE-362"]
[Site "http://www.queenalice.com/game.php?id=677867"]
[Date "2009.11.4"]
[Round "2"]
[White "flavio08"]
[Black "sical"]
[Result "1-0"]
[WhiteElo "2423"]
[BlackElo "2464"]

1. e4 c5 2. Nf3 e6 3. c3 Nc6 4. d4 d5 5. e5 Qb6 6. Be2 cxd4 7. cxd4 Nge7 8. Na3
Nf5 9. Nc2 Bb4+ 10. Kf1 Be7 11. h4 h5 12. Bd3 Bd7 13. Rh3 Rc8 14. Kg1 a5 15.
Bxf5 exf5 16. Ng5 a4 17. b3 f4 18. Rc3 Bb4 19. Nxb4 Qxb4 20. Qd3 Ke7 21. bxa4
Nxe5 22. Qe2 Qxc3 23. Qxe5+ Kf8 24. Qd6+ Ke8 25. Bb2 Qc6 26. Re1+ Be6 27. Qe5
Kd7 28. Ba3 Rce8 29. Rc1 f6 30. Qxf4 fxg5 31. Qxg5 Qxc1+ 32. Qxc1 Rh6 33. Qb2
Kc7 34. Qc3+ Kd7 35. Qb4 Kc8 36. Qc5+ Kb8 37. Qb5 Bf7 38. Qd7 Rf6 39. Bd6+ Rxd6
40. Qxd6+ Kc8 41. Kh2 Rd8 42. Qe7 1-0

[Event "AUTO-ELITE-362"]
[Site "http://www.queenalice.com/game.php?id=677868"]
[Date "2009.11.4"]
[Round "2"]
[White "sical"]
[Black "flavio08"]
[Result "0-1"]
[WhiteElo "2464"]
[BlackElo "2432"]

1. e4 c5 2. c3 d6 3. d4 Nf6 4. Bd3 Nc6 5. Nf3 cxd4 6. cxd4 Bg4 7. d5 Bxf3 8.
Qxf3 Ne5 9. Bb5+ Nfd7 10. Qg3 Rc8 11. O-O g6 12. Be3 Bg7 13. Nd2 Qa5 14. Be2 Nb6
15. a3 Ned7 16. Rfb1 O-O 17. Ra2 Na4 18. Qh3 Rfd8 19. Bg5 Bf6 20. Bh6 a6 21. Be3
b5 22. Bg4 Qc7 23. f4 Nxb2 24. Raxb2 Bxb2 25. Bxd7 Qxd7 26. Qxd7 Rxd7 27. Rxb2
Rc3 28. Rb3 Rdc7 29. Kf2 Rxb3 30. Nxb3 Rc2+ 31. Kf3 Rc3 32. Nd4 Rxa3 33. Nc6 a5
34. Nxe7+ Kf8 35. Nc6 b4 36. Ke2 b3 37. Bd4 Ra2+ 38. Kd3 Rxg2 39. Nxa5 b2 40.
Bxb2 Rxb2 41. Nc4 Rxh2 42. Nxd6 h5 43. Ke3 Ra2 44. Kf3 Ra3+ 45. Kf2 Rd3 46. Nb5
f5 47. e5 Rxd5 48. Nc3 Rd2+ 49. Ne2 h4 50. Ke1 Ra2 51. Ng1 Rg2 52. Kf1 Rg4 53.
Nh3 Ke7 54. Kf2 Ke6 0-1

[Event "AUTO-OPEN-2065"]
[Site "http://www.queenalice.com/game.php?id=814057"]
[Date "2010.8.6"]
[Round "1"]
[White "flavio08"]
[Black "astrologo"]
[Result "1-0"]
[WhiteElo "2444"]
[BlackElo "2164"]

1. e4 e5 2. Nf3 Nc6 3. Bb5 a6 4. Ba4 Nf6 5. O-O b5 6. Bb3 Be7 7. Re1 d6 8. d3
O-O 9. a4 Bg4 10. Be3 Na5 11. Ba2 c5 12. h3 Bh5 13. axb5 axb5 14. Nc3 Qd7 15.
Nd5 Nxd5 16. Bxd5 Nc6 17. Rxa8 Rxa8 18. Nxe5 Nxe5 19. Qxh5 Rb8 20. Ra1 Ng6 21.
Qf5 Qxf5 22. exf5 Ne5 23. b4 Nd7 24. bxc5 dxc5 25. Bf4 Rf8 26. Bc6 Bf6 27. Ra5
Ne5 28. Bxb5 1-0

[Event "AUTO-OPEN-2065"]
[Site "http://www.queenalice.com/game.php?id=814058"]
[Date "2010.8.6"]
[Round "1"]
[White "astrologo"]
[Black "flavio08"]
[Result "0-1"]
[WhiteElo "2124"]
[BlackElo "2447"]

1. Nf3 Nf6 2. c4 g6 3. Nc3 Bg7 4. g3 O-O 5. Bg2 c5 6. O-O Nc6 7. d4 cxd4 8. Nxd4
Qb6 9. Nc2 d6 10. Nd5 Nxd5 11. Bxd5 Bh3 12. Re1 e6 13. Bh1 Qc5 14. Ne3 f5 15.
Ng2 Bxg2 16. Bxg2 Qxc4 17. Qxd6 Rad8 18. Qf4 Nd4 19. Bf1 Qb5 20. e3 Qe5 21. Qxe5
Nf3+ 22. Kh1 Bxe5 23. Re2 Rd1 24. Kg2 Ne1+ 25. Kg1 Rc8 26. Bd2 Nf3+ 27. Kg2 Rxa1
0-1

[Event "AUTO-OPEN-2065"]
[Site "http://www.queenalice.com/game.php?id=814059"]
[Date "2010.8.6"]
[Round "1"]
[White "flavio08"]
[Black "josecastroman"]
[Result "1-0"]
[WhiteElo "2443"]
[BlackElo "1881"]

1. e4 e5 2. Nf3 Nc6 3. Bb5 Qf6 4. O-O Bc5 5. c3 a6 6. Bxc6 dxc6 7. Nxe5 Bxf2+ 8.
Rxf2 Qxe5 9. d4 Qe7 10. Qf3 Be6 11. d5 cxd5 12. exd5 Bc8 13. Re2 1-0

[Event "AUTO-OPEN-2065"]
[Site "http://www.queenalice.com/game.php?id=814060"]
[Date "2010.8.6"]
[Round "1"]
[White "josecastroman"]
[Black "flavio08"]
[Result "0-1"]
[WhiteElo "1607"]
[BlackElo "2446"]

1. e4 c5 2. Nf3 d6 3. h3 Nf6 4. Nc3 Nc6 5. a3 e5 6. Bc4 Nxe4 7. Bxf7+ Kxf7 8.
Nxe4 d5 9. Ng3 e4 10. Nh2 Be6 11. d3 exd3 12. Qxd3 Bd6 13. O-O c4 14. Qf3+ Qf6
15. Qxf6+ gxf6 16. c3 d4 17. Bd2 d3 18. Ne4 Bc7 19. Rae1 Rag8 0-1

[Event "AUTO-OPEN-2065"]
[Site "http://www.queenalice.com/game.php?id=814061"]
[Date "2010.8.6"]
[Round "1"]
[White "flavio08"]
[Black "chess_wizard"]
[Result "1-0"]
[WhiteElo "2442"]
[BlackElo "1727"]

1. e4 c5 2. Nf3 Nc6 3. Bb5 d6 4. d4 cxd4 5. Qxd4 Bd7 6. Bxc6 Bxc6 7. Nc3 Nf6 8.
Bg5 h6 9. Bxf6 exf6 10. O-O-O Be7 11. Qd3 O-O 12. Nd4 Bd7 13. Nd5 Be6 14. Nxe6
fxe6 15. Nxe7+ Qxe7 16. Qxd6 Qf7 17. f3 1-0

[Event "AUTO-OPEN-2065"]
[Site "http://www.queenalice.com/game.php?id=814062"]
[Date "2010.8.6"]
[Round "1"]
[White "chess_wizard"]
[Black "flavio08"]
[Result "0-1"]
[WhiteElo "1860"]
[BlackElo "2441"]

1. e4 c5 2. Nf3 d6 3. Bc4 Nf6 4. Nc3 e6 5. O-O Nc6 6. a3 Be7 7. d3 O-O 8. Be3 d5
9. exd5 exd5 10. Nxd5 Nxd5 11. h3 Re8 12. Qd2 Be6 0-1